[Event "Kragero Resort Chess A 2019"]
[Site "Kragero"]
[Date "2019.02.24"]
[Round "8.9"]
[White "Thorfinnsson, Bragi"]
[Black "Doluhanova, Evgeniya"]
[Result "1-0"]
[WhiteElo "2438"]
[BlackElo "2348"]
[Annotator "TA"]
[PlyCount "43"]
[EventDate "2019.02.20"]
[EventType "swiss"]
[EventCountry "NOR"]
[SourceTitle "playchess.com"]
[Source "ChessBase"]
[SourceQuality "1"]

{[%evp 15,43,-2,0,-15,-10,-18,147,149,141,145,163,140,369,372,375,365,379,363,443,347,757,722,855,829,989,989,989,987,29987,29987]} 1. e4 c5 2. Nc3 Nc6 3. f4 g6 4. Nf3 Bg7 5. Bb5 Nd4 6. O-O Nxb5 7. Nxb5 d6 8. d3 Nh6 {LiveBook: 5 Games. B23: Closed Sicilian: Lines without g3} (8... Nf6 9. Qe1 h6 10. Nc3 b6 11. b3 O-O 12. f5 gxf5 13. Qh4 Ng4 14. h3 Bxc3 15. hxg4 e6 16. Bg5 hxg5 17. Nxg5 {1-0 (62) Adhiban,B (2671)-Oparin,G (2626) Monzon 2016}) 9. Nc3 O-O 10. Qe1 Bg4 $146 (10... e6 $11) ({Predecessor:} 10... b6 11. f5 gxf5 12. Qh4 Ng4 13. h3 Ne5 14. exf5 Nxf3+ 15. Rxf3 {½-½ (79) Gurevich,D (2078)-Pruess,D (2377) Berkeley 2011}) 11. f5 $1 $16 Bxf3 12. Rxf3 Ng4 {[#]} 13. Qh4 $1 {[%cal Rh4g4]} Ne5 $2 {[#]} (13... h5 $16) 14. Rh3 $1 $18 {[%csl Gh3][%cal Rh4h7]} h5 15. Nd5 Re8 16. Bg5 Ng4 17. Rf1 Qd7 $2 (17... Qa5 18. c3 (18. Nxe7+ Rxe7 19. f6 Bh8 $17) 18... c4) 18. Bxe7 Bxb2 19. fxg6 Bd4+ 20. Kh1 fxg6 21. Qg5 Qe6 22. Nf6+ {Precision: White = 97%, Black = 16%.} 1-0

[Event "Kragero Resort Chess A 2019"]
[Site "Kragero"]
[Date "2019.02.24"]
[Round "8.10"]
[White "Gharibyan, Mamikon"]
[Black "Mikalsen, Erlend"]
[Result "1/2-1/2"]
[WhiteElo "2318"]
[BlackElo "2406"]
[Annotator "TA"]
[PlyCount "75"]
[EventDate "2019.02.20"]
[EventType "swiss"]
[EventCountry "NOR"]
[SourceTitle "playchess.com"]
[Source "ChessBase"]
[SourceQuality "1"]

{[%evp 19,75,12,9,10,24,0,19,-12,17,13,63,64,77,92,91,86,85,82,90,82,81,94,89,84,96,95,102,103,101,93,102,105,98,98,128,137,174,150,156,155,186,190,159,207,225,72,73,18,21,27,87,0,0,0,0,0,0,0]} 1. d4 Nf6 2. c4 e6 3. Nf3 b6 4. g3 Ba6 5. b3 Bb4+ 6. Bd2 Be7 7. Nc3 d5 8. cxd5 exd5 9. Bg2 O-O 10. O-O Re8 11. Ne5 {E15: Queen's Indian: 4 g3 sidelines, 4 g3 Ba6 and 4 g3 Bb7 early deviations} (11. Rc1 Bb7 12. Bf4 c5 13. Ne5 Bf8 14. e3 Na6 15. h4 Nc7 16. g4 Ne6 17. Bg3 cxd4 18. exd4 Rc8 {½-½ (31) Fridman,D (2633)-Le,Q (2714) St Petersburg 2018}) 11... Bb7 12. Qc2 Nbd7 13. Bf4 a6 14. Rad1 Bd6 {[%cal Rd7e5] [#]} 15. Bg5 $146 {aiming for Nxd7.} ({Predecessor:} 15. Nd3 Qe7 16. Bxd6 Qxd6 17. b4 Qe7 {1-0 (37) Savchenko,S (2506)-Collas,S (2372) Sunny Beach 2005}) 15... Be7 16. Qf5 c6 17. e4 $1 g6 18. Qf4 {Threatens to win with exd5.} Nxe5 19. dxe5 Nh5 20. Bxe7 Qxe7 21. Qe3 Qxe5 22. Qxb6 Qxc3 23. Qxb7 Rab8 24. Qxa6 dxe4 25. Rc1 Qb2 26. Rxc6 Ra8 27. Qc4 Nf6 28. Rc7 Rf8 29. a4 Rab8 30. a5 Rxb3 {[#]} 31. a6 $1 ({Avoid the trap} 31. Bxe4 $2 Rb4 $19) 31... Ra3 32. Qc6 $2 (32. a7 $18 {and White stays clearly on top.}) 32... Qd4 $16 {[#]} 33. Qb7 (33. Bh3 $1 $16) 33... h5 $11 34. a7 h4 (34... Ra2 $11) 35. Rxf7 (35. gxh4 $16 {Strongly threatening h5!} Ra4 36. h3) 35... Rxf7 {The position is equal.} 36. a8=Q+ Rxa8 37. Qxa8+ Kg7 38. Qa1 {Accuracy: White = 58%, Black = 63%.} 1/2-1/2

[Event "Kragero Resort Chess A 2019"]
[Site "Kragero"]
[Date "2019.02.24"]
[Round "8.11"]
[White "Getz, Nicolai"]
[Black "Fossum, Oystein Boyum"]
[Result "0-1"]
[WhiteElo "2398"]
[BlackElo "2250"]
[Annotator "TA"]
[PlyCount "70"]
[EventDate "2019.02.20"]
[EventType "swiss"]
[EventCountry "NOR"]
[SourceTitle "playchess.com"]
[Source "ChessBase"]
[SourceQuality "1"]

{[%evp 9,69,3,39,15,28,4,9,0,4,5,-7,-10,8,-38,-25,-46,0,4,10,-44,-36,-96,-83,-157,-161,-166,-142,-183,-172,-170,-108,-128,-109,-104,-83,-105,-119,-149,-149,-148,-138,-134,-131,-131,-131,-154,-145,-157,-131,-163,-156,-170,-122,-135,-135,-282,-231,-1510,-1489,-1384,-1337,-29999]} 1. c4 Nf6 2. d4 c5 3. Nf3 e6 4. Nc3 cxd4 5. Nxd4 a6 6. Qd3 {A32: Symmetrical English: 2 Nf3 Nf6 3 d4 cxd4 4 Nxd4 e6} (6. e4 Qc7 7. Bd3 Nc6 8. Nxc6 dxc6 9. Be3 e5 10. h3 Bb4 11. Rc1 O-O 12. O-O Bxc3 13. Rxc3 c5 14. Qe2 b6 15. Bc2 Bb7 16. f3 Rad8 17. Rd1 Rxd1+ 18. Qxd1 Rd8 19. Rd3 Rxd3 20. Qxd3 {½-½ (20) Lenic,L (2657)-Indjic,A (2618) Hungary 2018}) 6... Qc7 7. Bg5 $146 ({Predecessor:} 7. g3 Nc6 8. Bg2 Nb4 9. Qd1 Qxc4 10. O-O d5 11. a3 Nc6 12. Nc2 Be7 13. Re1 O-O 14. e4 dxe4 15. Nxe4 Rd8 {0-1 (34) Perera Ramirez,M (1667)-Rojas Mirabal,P (2069) Gran Canaria 2013}) 7... Be7 8. e4 {The position is equal.} Nc6 9. Nxc6 dxc6 10. Be2 O-O 11. O-O-O b5 {[%cal Bb7b5,Bb5b4][%mdl 32]} 12. Kb1 b4 13. Na4 Qa5 14. e5 ({White should try} 14. h4 $11) 14... Qxe5 $15 15. Be3 ({White should play} 15. Qe3 $15 Qxe3 16. Bxe3) 15... c5 $36 {[%mdl 2048] Black has strong initiative.} 16. f4 (16. Bf3 $142 Bd7 17. Nb6) 16... Qc7 17. Bf3 Rb8 18. b3 Bd7 19. Nb2 {[#]} Bc6 (19... e5 $1 $19 20. fxe5 Qxe5) 20. Bf2 Qb7 21. Rhe1 Rbd8 22. Qe3 Rxd1+ 23. Rxd1 Ne4 {Hoping for ...Nc3+.} 24. Na4 f5 25. Bxe4 Bxe4+ 26. Kc1 Rc8 27. g3 Rc7 28. Rd2 Qb8 29. Qe1 Qf8 30. Kd1 Bf3+ 31. Kc2 Qf6 32. Qg1 (32. Qe5 $17 Qxe5 33. fxe5) 32... Bc6 33. Nb2 $2 {[#]} (33. Qc1) 33... Qc3+ $19 34. Kd1 Rd7 35. Rxd7 Bf3# {Accuracy: White = 29%, Black = 49%.} 0-1

[Event "Kragero Resort Chess A 2019"]
[Site "Kragero"]
[Date "2019.02.24"]
[Round "8.12"]
[White "Nordquelle, Daniel"]
[Black "Kaasen, Tor Fredrik"]
[Result "1/2-1/2"]
[WhiteElo "2235"]
[BlackElo "2387"]
[Annotator "TA"]
[PlyCount "97"]
[EventDate "2019.02.20"]
[EventType "swiss"]
[EventCountry "NOR"]
[SourceTitle "playchess.com"]
[Source "ChessBase"]
[SourceQuality "1"]

{[%evp 16,97,0,-6,-9,6,23,22,28,-2,12,-2,3,0,0,0,0,0,0,0,0,6,28,18,34,16,16,6,6,11,11,0,0,0,5,0,0,0,17,0,0,0,6,0,3,0,0,0,0,0,0,0,0,0,0,0,0,0,2,0,0,0,0,0,0,0,0,0,0,0,0,0,18,0,0,0,0,0,0,0,0,0,0,0]} 1. e4 e6 2. d4 d5 3. Nd2 Nc6 4. Ngf3 Nf6 5. e5 Nd7 6. c3 f6 7. exf6 Qxf6 8. Be2 Bd6 9. O-O O-O {C04: French Tarrasch: 3...Nc6} 10. Nb3 Ne7 (10... h6 11. Be3 b6 12. g3 Bb7 13. Nh4 Ne7 14. f4 Nf5 15. Ng2 c5 16. Bf2 Rac8 17. g4 {1-0 (40) Dervishi,E (2531)-Drasko,M (2521) Bratto 2006}) 11. Bg5 Qf7 12. Nc1 $146 ({Predecessor:} 12. Bh4 Nf5 13. Bg3 Nxg3 14. hxg3 Qf6 15. Qd2 b6 16. Rae1 Bb7 17. Bb5 {1-0 (38) Ane,C (2058)-Van Dongen,P (2346) Bois Colombes 2009}) 12... Ng6 13. Nd3 c6 14. Qc2 e5 15. dxe5 Ndxe5 16. Ndxe5 Nxe5 17. Nxe5 Bxe5 18. Bd3 g6 (18... Bf5 {looks sharper.} 19. Bxf5 Qxf5 20. Qxf5 Rxf5 21. f4 Bd6) 19. Rae1 Bf6 20. Bxf6 Qxf6 {The position is equal.} 21. c4 Be6 22. cxd5 Bxd5 23. Bc4 Rad8 24. Bxd5+ Rxd5 25. Re2 Rf7 26. Rd1 Re5 27. f3 Rfe7 28. Rxe5 Qxe5 $11 {[%mdl 4096] Endgame KQR-KQR} 29. h3 (29. Qc4+ {feels hotter.} Kg7 30. Qd4 Kf6 31. Kf2 c5 32. Qxe5+ Kxe5 33. Re1+) 29... Kg7 30. Kh1 c5 31. Qc4 b6 32. b3 Qb2 33. Rd8 {[#] And now Qg8+ would win.} Rf7 34. Qe4 Qf6 35. Re8 Qf5 36. Qe3 Qf6 37. Qe4 Qf4 38. Qe6 Qg5 39. Kh2 Qf5 40. Qe2 Qf4+ 41. Kh1 Qf6 42. Qe4 Rd7 43. Re6 Qf5 44. Re7+ Rxe7 45. Qxe7+ {[%mdl 64] [#] Double Attack} Qf7 46. Qe5+ Qf6 47. Qc7+ Qf7 48. Qe5+ Qf6 49. Qc7+ {Accuracy: White = 56%, Black = 62%.} 1/2-1/2

[Event "Kragero Resort Chess A 2019"]
[Site "Kragero"]
[Date "2019.02.24"]
[Round "8.14"]
[White "Miedema, David"]
[Black "Gonzalez, Francisco Silva"]
[Result "1-0"]
[WhiteElo "2356"]
[BlackElo "2142"]
[Annotator "TA"]
[PlyCount "129"]
[EventDate "2019.02.20"]
[EventType "swiss"]
[EventCountry "NOR"]
[SourceTitle "playchess.com"]
[Source "ChessBase"]
[SourceQuality "1"]

{[%evp 14,129,38,35,44,50,85,87,81,76,199,86,76,40,33,42,33,31,32,2,8,0,12,0,18,-26,10,-153,-156,-162,-160,-148,-16,-28,-22,-17,-9,-14,-10,-17,-19,-16,-15,-11,0,-16,21,12,40,52,84,27,90,69,67,52,50,63,47,54,113,111,115,92,100,104,133,34,112,100,207,102,107,109,110,28,106,97,216,211,217,206,225,154,154,154,154,148,138,138,138,131,470,452,438,384,196,28,36,52,29,76,800,785,753,715,29985,29986,29985,29986,29986,29979,29987,29988,29988,29989,29997,29998]} 1. e4 e5 2. Nf3 Nc6 3. Bb5 a6 4. Ba4 Nf6 5. O-O Bc5 6. c3 b5 7. Bc2 d6 8. d4 Bb6 {C78: Ruy Lopez: Archangelsk and Möller Defences} 9. a4 {Black must now prevent axb5.} Bg4 10. h3 (10. axb5 axb5 11. Rxa8 Qxa8 12. d5 Ne7 13. Na3 O-O 14. Nxb5 Qc8 15. h3 Bh5 16. Na3 {0-1 (37) Dragun,K (2594)-Gareyev,T (2572) Greensboro 2018}) 10... Bd7 {White is better.} 11. Bg5 O-O $146 (11... bxa4 $16 12. dxe5 (12. Rxa4 O-O $11) 12... Nxe5) ({Predecessor:} 11... h6 12. Bxf6 gxf6 13. Na3 Ne7 14. Nh4 Rg8 15. axb5 axb5 16. Qd3 {1-0 (51) Wolfrum,R (2207)-Schwarte,J (1966) GER email 2010}) 12. dxe5 (12. axb5 $18 axb5 13. Rxa8 Qxa8 14. dxe5) 12... Nxe5 $16 13. axb5 Bxb5 14. Re1 h6 15. Bh4 Ng6 16. Bg3 Nh5 $36 {[%mdl 2048] Black has good play.} 17. Bh2 Nhf4 18. Na3 Qf6 19. Nd4 Rfe8 20. Qf3 $2 (20. Kh1 $11) 20... Bxd4 $17 21. cxd4 {[#]} Ne2+ $1 {[%mdl 576] Double Attack} 22. Kh1 (22. Rxe2 Qxf3) 22... Nxd4 (22... Qxf3 $17 23. gxf3 Nxd4) 23. Qxf6 $11 gxf6 24. f3 Ne5 25. Bg1 Nxc2 26. Nxc2 Nd3 27. Reb1 {[#]} f5 $1 {[%mdl 512]} 28. exf5 c5 29. Ne3 h5 30. Nd5 Re2 31. Nc3 Ree8 32. Ne4 (32. b3 $16) 32... Red8 (32... Rxe4 $11 33. fxe4 Re8) 33. Nf6+ Kf8 34. Nxh5 d5 35. Rd1 d4 36. b3 Re8 ({Black should try} 36... Rd5 $14) 37. Ng3 $16 Re5 38. Ne4 Rd8 39. g4 Kg7 40. h4 (40. Kh2 $16) 40... f6 (40... Rxe4 $14 41. fxe4 Re8) 41. Rd2 {Strongly threatening Bh2.} Red5 (41... Rh8 $16) 42. Rad1 (42. Bh2 $18 {and White stays clearly on top.}) 42... Ne5 43. Kg2 Bc6 44. Rc2 ({Better is} 44. Rc1 $16) 44... d3 (44... Nxf3 $11 45. Rxc5 (45. Kxf3 Re5 $11) 45... Rxc5 46. Nxc5 Kf7) 45. Rc3 {Kg3 is the strong threat.} Nxf3 (45... R5d7 $16) 46. Nxc5 $18 Rc8 47. Ne6+ ({But not} 47. Nxa6 Nxg1 48. Kxg1 Rd4 $16) ({Don't take} 47. Nxd3 $6 Ne5 $16) 47... Kg8 48. Rxc6 Nxh4+ 49. Kh3 Rxc6 50. Kxh4 d2 51. Be3 Rd3 52. Bf4 Rcc3 $2 {[%mdl 8192]} (52... Rc1 $16 53. Rxc1 (53. Rxd2 Rh1+ 54. Rh2 Rxh2+ 55. Bxh2 Rxb3 $16) 53... dxc1=N) 53. g5 fxg5+ 54. Kxg5 Kf7 55. b4 $2 ({White should play} 55. Rxd2 $18 {And now Ra2 would win.} Rxd2 56. Bxd2 Rxb3 57. Kf4) 55... Rc8 $1 $11 56. Rxd2 Rg8+ 57. Kh4 Rb3 $2 {[%mdl 8192]} (57... Rxd2 $16 58. Bxd2 Kf6) 58. Ng5+ $18 Ke7 59. Re2+ Kf6 60. Kg4 {White mates.} Rxb4 61. Re6+ {[%mdl 64] Double Attack} Kg7 62. Rxa6 Rc8 63. Ra7+ Kg8 64. f6 Rb5 65. Rg7+ {Accuracy: White = 55%, Black = 30%.} 1-0

[Event "Kragero Resort Chess A 2019"]
[Site "Kragero"]
[Date "2019.02.24"]
[Round "8.15"]
[White "Skotheim, Andreas"]
[Black "Vestby-Ellingsen, Mads"]
[Result "1/2-1/2"]
[WhiteElo "2168"]
[BlackElo "2343"]
[Annotator "TA"]
[PlyCount "51"]
[EventDate "2019.02.20"]
[EventType "swiss"]
[EventCountry "NOR"]
[SourceTitle "playchess.com"]
[Source "ChessBase"]
[SourceQuality "1"]

{[%evp 9,51,-36,-20,-23,-17,-29,-18,-20,0,-10,8,8,12,8,29,0,91,15,41,33,173,167,183,189,335,246,302,246,246,246,239,0,0,0,246,246,216,0,0,0,215,0,0,0]} 1. d4 Nf6 2. Bg5 d5 3. e3 c5 4. Nc3 e6 5. Qd2 (5. Nf3 Nc6 6. a3 h6 7. Bh4 Be7 8. dxc5 Bxc5 9. Bd3 O-O 10. O-O Be7 11. Re1 b6 12. Qe2 Bb7 {0-1 (54) Rapport,R (2707)-Andriasian,Z (2585) Riadh 2017}) 5... Nc6 6. Nf3 {D01: Veresov Opening} a6 7. Rd1 $146 ({Predecessor:} 7. Be2 cxd4 8. Nxd4 Bb4 9. a3 Qa5 10. f3 Nd7 11. Nxc6 bxc6 12. O-O Bxc3 13. Qxc3 Qxc3 14. bxc3 {½-½ (32) Kapfenstein,A-Schulz,H DESC email 2001}) 7... cxd4 8. exd4 Be7 9. a3 O-O 10. Bd3 b5 11. O-O Na5 12. Qf4 Bb7 (12... Nh5 $11 13. Qh4 Bxg5 14. Qxh5 (14. Nxg5 g6 $11) (14. Qxg5 Qxg5 15. Nxg5 h6 $11) 14... h6) 13. Rfe1 (13. Qh4 $16 {Hoping for Bxf6.} h6 14. Rfe1) 13... Re8 14. Ne5 $36 {[%mdl 2048] White has good play.} Nc6 {[#]} ({Black should try} 14... Nc4 $14) 15. Qh4 $1 $18 (15. Nxf7 $2 Kxf7 16. Re3 (16. Bxh7 $2 Rh8 $19) 16... h6 $19) 15... h6 {[#]} 16. Bxh6 $1 {[%mdl 512]} Nd7 (16... Nxe5 $142 17. Rxe5 (17. dxe5 gxh6 18. Qxh6 Bf8 $16) 17... g6) (16... gxh6 17. Qg3+) 17. Qh5 Ncxe5 18. Bxg7 ({Worse is} 18. Rxe5 Nxe5 19. Bxg7 Kxg7 $11) 18... Kxg7 19. Qh7+ ({Avoid the trap} 19. dxe5 $2 Rh8 $19) 19... Kf6 20. Qh4+ Kg7 21. Qh7+ Kf6 22. dxe5+ Nxe5 {aiming for ...Rh8.} 23. Qh4+ Kg7 24. Qh7+ Kf6 {Strongly threatening ...Rh8.} 25. Qh4+ $2 ({White must play} 25. Qh6+ $18 Ng6 26. Bxg6 fxg6 27. Re3) 25... Kg7 $11 26. Qh7+ {Accuracy: White = 43%, Black = 26%.} 1/2-1/2

[Event "Kragero Resort Chess A 2019"]
[Site "Kragero"]
[Date "2019.02.24"]
[Round "8.16"]
[White "Hobber, Anders"]
[Black "Aarnes, Eirik"]
[Result "1-0"]
[WhiteElo "2312"]
[BlackElo "1843"]
[Annotator "TA"]
[PlyCount "29"]
[EventDate "2019.02.20"]
[EventType "swiss"]
[EventCountry "NOR"]
[SourceTitle "playchess.com"]
[Source "ChessBase"]
[SourceQuality "1"]

{[%evp 14,29,4,0,0,0,5,0,164,156,171,172,171,162,197,19,737,711]} 1. Nf3 d5 2. e3 Nf6 3. c4 c6 4. Nc3 e6 5. b3 Nbd7 6. Qc2 Bd6 7. Bb2 O-O 8. Be2 Qe7 {A11: English Opening: 1...c6} 9. O-O e5 (9... b6 10. cxd5 cxd5 11. Nb5 Ba6 12. Qd1 Bxb5 13. Bxb5 a6 14. Be2 Ba3 15. Qc1 Bxb2 16. Qxb2 {½-½ (33) Ivanchuk,V (2728)-Duda,J (2707) Tbilisi 2017}) 10. cxd5 e4 $146 (10... Nxd5 $11 {and Black has nothing to worry.} 11. Ne4 Bc7) ({Predecessor:} 10... Nxd5 11. d3 N7f6 12. Ne4 Bc7 13. a3 a5 14. Rac1 Nxe4 15. dxe4 Nb6 16. Rfd1 {1-0 (80) Zhou,J (2615)-Zhang,Z (2374) Hangzhou 2018}) 11. Nd4 $18 {Hoping for Nf5.} Qe5 {[%csl Gd6][%cal Re5h2] [#]} 12. f4 exf3 13. Nxf3 Qh5 14. Ne4 $2 (14. g3 $18) 14... Ng4 $2 {[%mdl 8192]} (14... Nxe4 $11 15. Qxe4 cxd5) 15. Nxd6 1-0

[Event "Kragero Resort Chess A 2019"]
[Site "Kragero"]
[Date "2019.02.24"]
[Round "8.17"]
[White "Rishovd, Svein"]
[Black "Stefansson, Vignir Vatnar"]
[Result "0-1"]
[WhiteElo "2116"]
[BlackElo "2263"]
[Annotator "TA"]
[PlyCount "112"]
[EventDate "2019.02.20"]
[EventType "swiss"]
[EventCountry "NOR"]
[SourceTitle "playchess.com"]
[Source "ChessBase"]
[SourceQuality "1"]

{[%evp 20,112,71,72,66,68,67,50,87,62,125,78,81,0,0,0,0,-15,-13,0,8,16,48,43,72,32,76,79,106,79,219,121,134,133,131,52,44,4,4,4,4,7,3,1,18,15,37,1,14,-13,3,10,80,0,22,-33,-58,-87,-79,-81,-81,-135,-99,-102,-104,-94,-8,-178,-187,-558,-554,-605,-706,-706,-706,-706,-706,-697,-605,-706,-607,-29981,-29982,-29982,-29983,-29983,-29984,-29984,-29983,-29983,-29984,-29984,-29985,-29984,-29985]} 1. d4 f5 2. g3 Nf6 3. Bg2 g6 4. c4 Bg7 5. Nc3 O-O 6. Nh3 c6 7. O-O d6 8. d5 e5 9. dxe6 Bxe6 10. Qb3 Qe7 11. Ng5 Bc8 {A86: Dutch Defence: Leningrad System: Unusual lines and 5 Nh3} 12. Bf4 Kh8 $1 13. Rad1 Ne8 {White is slightly better.} 14. Qa3 (14. Nf3 Na6 15. Qa3 Be6 16. Nd4 Bxc4 17. b3 Bg8 18. Nxc6 bxc6 19. Qxa6 {1-0 (59) Bareev,E (2634)-Ivanchuk,V (2739) Moscow 2009}) 14... Na6 ({Black should try} 14... Nd7 $14) 15. Rfe1 $146 ({Predecessor:} 15. e4 h6 16. Nf3 g5 17. Bxd6 Nxd6 18. Rxd6 Qf7 19. e5 {½-½ (32) Cosma,I (2472)-Grunberg,M (2472) Targoviste 2001}) 15... h6 16. Nh3 (16. Nf3 $16) 16... g5 $1 $11 {[%cal Rg5f4]} 17. Bxd6 Nxd6 18. Qxd6 Qxd6 19. Rxd6 Nc5 20. f4 g4 21. Nf2 $36 {[%mdl 2048] White has good play.} Re8 22. e4 fxe4 23. Ncxe4 Bf5 24. Kf1 Ne6 (24... Na4 $16 {was called for.}) 25. Red1 (25. Rd2 $18) 25... Bxb2 $16 26. Rd7 {And now Nd6 would win.} Rad8 27. Rxb7 (27. Rxd8 $1 $16 Rxd8 28. Nd6) 27... Bd4 $14 28. c5 (28. Rb3 {looks sharper.} c5 29. Re1 Ng7 30. Re2 Re6 31. Rb1) 28... Nxc5 29. Nxc5 Bxc5 30. Rxd8 Rxd8 31. Bxc6 {With the idea Rb5.} Bb6 32. Re7 Rd6 33. Be4 Be6 {Hoping for ...Bc4+.} 34. Nd3 Bxa2 35. Ne5 Bd4 (35... a5 $11) 36. Ke2 (36. Nxg4 $16 {Strongly threatening Rh7+.} Kg8 37. Ke2) 36... a5 37. Bh7 (37. Re8+ $11 Kg7 38. Ra8 (38. Nxg4 Re6 $14)) 37... Re6 $15 38. Rxe6 Bxe6 {[%mdl 4096] Endgame KBB-KBN} 39. Bc2 {[#]} h5 $1 40. f5 (40. Ba4 $142) 40... Bd5 41. Ng6+ Kg7 42. Nf4 Bf3+ ({Black should play} 42... Bc4+ $17 43. Bd3 Bf7 44. Ne6+ Bxe6 45. fxe6 Kf6) 43. Kf1 $2 {[#]} (43. Kd3 $11 {and White is okay.} Bg1 44. Nxh5+ Kh6 45. Nf4) 43... Kh6 $1 $19 44. h4 $2 (44. Ba4) 44... Bc6 45. Ke2 a4 {[%cal Ba5a4,Ba4a3][%mdl 32]} 46. Ne6 Be5 47. Kf2 a3 {White must now prevent ...a2.} 48. Bb3 Be4 49. Ba2 Bxf5 50. Nf4 Bxf4 {Black mates.} 51. gxf4 {KB-KB} Be4 52. Kg3 Kg6 53. Kf2 Kf5 54. Kg3 Bc6 55. Bb1+ Kf6 56. Ba2 Bd7 {Accuracy: White = 24%, Black = 45%.} 0-1

[Event "Kragero Resort Chess A 2019"]
[Site "Kragero"]
[Date "2019.02.24"]
[Round "8.18"]
[White "Vitenberg, Noam Aviv"]
[Black "Heimisson, Hilmir Freyr"]
[Result "0-1"]
[WhiteElo "2180"]
[BlackElo "2394"]
[Annotator "TA"]
[PlyCount "84"]
[EventDate "2019.02.20"]
[EventType "swiss"]
[EventCountry "NOR"]
[SourceTitle "playchess.com"]
[Source "ChessBase"]
[SourceQuality "1"]

{[%evp 12,84,25,21,20,18,18,16,22,8,24,7,23,8,8,12,13,-21,-23,-23,-30,-40,-33,-58,-17,-19,-22,-125,-116,-223,-215,-217,-202,-405,-412,-433,-425,-423,-389,-360,-376,-358,-327,-578,-578,-749,-749,-749,-746,-768,-741,-884,-772,-730,-640,-622,-620,-560,-560,-1199,-1148,-1060,-651,-703,-703,-1306,-1283,-2802,-2453,-29975,-5757,-29983,-29984,-29988,-29989]} 1. Nf3 d5 2. d4 Nf6 3. c4 e6 4. Nc3 Bb4 5. cxd5 exd5 6. Bg5 Nbd7 7. e3 h6 {D38: Queen's Gambit Declined: Ragozin Defence (4 Nf3 Bb4)} 8. Bh4 g5 9. Bg3 Ne4 $1 {The position is equal.} 10. Nd2 Nxg3 11. hxg3 Nb6 12. Bd3 Be6 13. Qc2 c6 14. O-O-O Qf6 {[#]} 15. Nf3 $146 ({Predecessor:} 15. f4) 15... O-O-O 16. Ne5 Kb8 17. f4 gxf4 (17... Bd6 {feels hotter.} 18. a4 a5 19. Rh2 Qg7 20. Rdh1 Bxe5 21. fxe5 f6) 18. gxf4 c5 {Threatening ...cxd4.} 19. a3 (19. f5 $11 {remains equal.} c4 20. fxe6 cxd3 21. Nxd3 (21. Qxd3 Bxc3 22. exf7 Bb4 $11) (21. Rxd3 fxe6 22. Rdd1 Bxc3 $15) 21... Bxc3 22. Qxc3) 19... cxd4 $1 $17 20. axb4 ({Don't blunder} 20. Nb5 $2 Rc8 $19) (20. exd4 $17 Bxc3 21. bxc3) 20... dxc3 $19 21. bxc3 {[#]} Rc8 $1 22. Rh2 $2 {[#]} (22. g4) 22... d4 $1 {[%mdl 512]} 23. c4 (23. cxd4 Nd5) 23... dxe3 24. g3 Rhd8 25. Qb2 {Black must now prevent Nc6+!} Qe7 (25... Bxc4 26. Bxc4 Rxd1+ 27. Kxd1 $15) 26. Rc2 f6 {Threatens to win with ...Na4.} 27. c5 $2 (27. f5 {was the only chance.} Bd7 28. Nxd7+ Nxd7 29. Be2) 27... Na4 28. Qa3 fxe5 29. Qxa4 exf4 {aiming for ...f3.} 30. gxf4 Qf7 31. Kb2 Qf6+ 32. Rc3 Bg4 33. Ra1 a6 {[%cal Ba7a6,Ba6a5][%mdl 32] And now ...Rxd3 would win.} ({Inferior is} 33... Rxd3 34. Qxa7+ Kc7 {[#]} 35. Qb6+ $1 {[%mdl 512]} Qxb6 36. cxb6+ Kxb6 37. Rxd3 $14) 34. Qc2 Rd4 35. b5 Rb4+ 36. Ka3 a5 {( -> ...Rxc5!)} 37. Rc1 Rxf4 38. c6 Qd6+ 39. Ka2 Rf2 40. c7+ Ka7 (40... Rxc7 $142 41. Rxc7 Be6+ 42. Kb2 Rxc2+ 43. R1xc2 Qxd3 44. b6 e2 45. Rxe2 Qxe2+ 46. Rc2 Qe5+ 47. Kc1 Qe1+ 48. Kb2 Bf5 49. Rc4 Qb1+ 50. Kc3 Qd3+ 51. Kb2 Qxc4 52. Ka3 Qb4+ 53. Ka2 Kc8 54. Ka1 Qb1#) 41. b6+ Qxb6 42. Rb1 Rxc2+ {Accuracy: White = 30%, Black = 83%.} 0-1

[Event "Kragero Resort Chess A 2019"]
[Site "Kragero"]
[Date "2019.02.24"]
[Round "8.19"]
[White "Wedda, Dries"]
[Black "Ingebretsen, Jens E"]
[Result "1-0"]
[WhiteElo "2173"]
[BlackElo "2297"]
[Annotator "TA"]
[PlyCount "73"]
[EventDate "2019.02.20"]
[EventType "swiss"]
[EventCountry "NOR"]
[SourceTitle "playchess.com"]
[Source "ChessBase"]
[SourceQuality "1"]

{[%evp 9,73,37,43,32,31,38,25,18,41,18,25,10,10,0,0,0,12,9,10,0,138,64,72,78,162,158,145,150,168,166,154,172,171,105,337,330,395,253,233,243,588,365,424,424,424,423,416,416,404,388,373,347,460,451,502,514,551,551,1084,1073,1120,1120,1704,1560,1171,1081]} 1. d4 d5 2. c4 dxc4 3. Nf3 Nf6 4. e3 b5 5. a4 b4 6. Bxc4 {Black must now prevent Ne5. D25: Queen's Gambit Accepted: 4 e3: sidelines and 4...Bg4} e6 7. O-O (7. a5 a6 8. Nbd2 Bb7 9. O-O c5 10. Nb3 Nbd7 11. dxc5 Nxc5 12. Nxc5 Bxc5 {1-0 (45) Bluebaum,M (2631)-Anand,V (2776) Karlsruhe/Baden-Baden 2018}) 7... Be7 8. Nbd2 {White has an edge.} O-O 9. Nb3 Nbd7 10. Qe2 c5 11. Rd1 Qc7 $146 ({Predecessor:} 11... Bb7 12. a5 a6 13. Bd2 Qb8 14. h3 Rc8 15. Nxc5 {½-½ (15) Ramirez Alvarez,A (2580)-Tari,A (2412) Helsingor 2014}) 12. dxc5 Nxc5 13. Nxc5 Bxc5 14. b3 e5 (14... Bb7 $11) 15. h3 (15. Bb2 $16) 15... Bb7 $14 16. Bb2 Rfe8 {[#]} (16... Bd6 $16) 17. Rac1 $1 $18 {Hoping for Ng5.} Rac8 {[#]} 18. Ba6 $1 e4 19. Nd4 Bxa6 20. Qxa6 Qe5 21. Ba1 ({Better is} 21. Rd2 $18 Qd5 22. Qb5) 21... Qh5 $2 (21... Qd5 $16 {keeps fighting.}) 22. Ne2 Qf5 23. Ng3 Qe6 24. Qxe6 Rxe6 $2 (24... fxe6 25. Bxf6 gxf6) 25. Rc2 Rec6 26. Bxf6 gxf6 27. Rdc1 f5 28. Nxf5 R6c7 29. Ng3 Bd6 30. Rxc7 Bxc7 {[%mdl 4096] Endgame KRB-KRN} 31. Rc4 {White is clearly winning.} Kg7 32. Nxe4 a5 33. g4 Kg6 34. Rc6+ f6 35. Kg2 Re8 36. Nxf6 Rd8 37. Nd7+ {Accuracy: White = 68%, Black = 35%.} 1-0